| 000 | 00501nam a2200181Ia 4500 | ||
|---|---|---|---|
| 999 |
_c8262 _d8262 |
||
| 003 | OSt | ||
| 005 | 20200114141859.0 | ||
| 008 | 190216s9999||||xx |||||||||||||| ||und|| | ||
| 040 | _coclc | ||
| 082 |
_a657.42 _bVIN/C |
||
| 100 |
_aVinod, A _9643 |
||
| 245 | 0 |
_aCost Accounting / _cA Vinod |
|
| 250 | _a1st ed. | ||
| 260 |
_bCalicut University Central Co-Operative, _c2006. _aCalicut: |
||
| 300 | _a576p | ||
| 650 | _aCommerce | ||
| 942 |
_cBK _2ddc _h657.42 _iVIN/C _k657.42 _mVIN/C |
||